El control del flujo de fondos: una herramienta clave para la supervivencia de la empresa en el mundo actual
Збережено в:
| Автор: | |
|---|---|
| Формат: | Книга |
| Мова: | Іспанська |
| Опубліковано: |
Bogotá
Norma
1990
|
| Серія: | Desarrollo gerencial
|
| Предмети: | |
| Теги: |
Додати тег
Немає тегів, Будьте першим, хто поставить тег для цього запису!
|
MARC
| LEADER | 00000nam a2200000 a 4500 | ||
|---|---|---|---|
| 001 | UCW2239 | ||
| 003 | CL-VaPUC | ||
| 008 | 930720e19900000CK |||||||||||||||||spa|d | ||
| 082 | 0 | 4 | |a 658.15 |b GAR |2 21 |
| 100 | 0 | |a Garbutt, Douglas |e author |9 306204 | |
| 245 | 1 | 3 | |a El control del flujo de fondos: una herramienta clave para la supervivencia de la empresa en el mundo actual |
| 300 | |a 233 p | ||
| 942 | |c BK | ||
| 945 | |d 19930720 00:00:00 | ||
| 260 | |a Bogotá |b Norma |c 1990 | ||
| 650 | 7 | |a FINANZAS ADMINISTRACION |2 CL-VaPUC |9 306205 | |
| 650 | 7 | |a PRESUPUESTO |2 CL-VaPUC |9 306206 | |
| 583 | |a last modification |c 19930720 00:00:00 |k Rodrigo Vera | ||
| 490 | 0 | |a Desarrollo gerencial | |
| 999 | |c 216832 |d 216830 | ||
| 952 | |0 0 |1 0 |4 0 |6 658_150000000000000_GAR_1990 |7 0 |8 A |9 203156 |a BIBMEC |b BIBMEC |d 2019-11-15 |i 270367K |o 658.15 GAR 1990 |p 270367K |r 2024-01-19 |w 2019-11-15 |y BK |k MEC | ||